000 01016cab a22001935a 4500
001 L153193
008 110622e2011 xxk 000 0 eng d
035 _a(Sirsi) u153193
041 0 _aeng
100 1 _aThomas, Daniel
245 0 0 _aShop rift
260 _c2011
490 0 _aProperty Week
_v77(24) 17 June 2011, 32-35(4)
520 _aColliers International's Midsummer Retail Report 2011 presents a fragmented retail economy with London and southeast England advancing and some northern towns failing. Reports on rental levels, vacancy rates, growth in selected towns, the exceptional performance of the London retail scene, the 'Olympic effect' with East End retail development, the investment market at its top, and the slow flow in retail development. Graphics display voids, rental forecasts, zone A rents, top 10 retail destinations, and the development pipeline.
590 _aKA
651 4 _aUnited Kingdom
_y
690 _aPROPERTY-COMMERCIAL PROPERTY-COMMERCIAL PROPERTY MARKET
942 _n0
999 _c83224
_d83224